004870000a22001210004500090001700000245011400017041001400131700004600145100004200191942001300233773010200246999001700348 aASbSeriadas10aPrimer registro de una serpiente del género de Amastridium cope, (Serpentes: Colubridae), para Sudamérica0 aEspañol1 aRueda Martínez, José Nicolás9627471 aRueda Almonacid , José Vicente9689 cARTICULO1 tRevista de Academia Colombiana de Ciencias Exactas, Físicas y Naturalesh107q291-293d2004g28 c15548d15548